01308cam a22003134a 450000100090000000300060000900500170001500800410003201000170007302000150009002000180010502000180012303500230014103500200016404000540018404200080023805000230024608200230026910000210029224500710031326000450038430000210042950400510045050502750050165000240077665000200080085600830082085600910090314322539GBCCL20241126110708.0060330s2006 ilu b 001 0 eng  a 2006008159 a1581347340 a9781581347340 a9781581347340 a(OCoLC)ocm65537846 a(OCoLC)65537846 aDLCcDLCdIG#dBAKERdABFdCBCdBTCTAdYDXCPdDLC apcc00aBS680.W7bG75 200600a270.82082222bGRU1 aGrudem, Wayne A.10aEvangelical feminism :ba new path to liberalism? /cWayne Grudem. aWheaton, Ill. :bCrossway Books,cc2006. a272 p. ;c22 cm. aIncludes bibliographical references and index.0 apt. 1. Some paths to liberalism in recent history -- pt. 2. Evangelical feminist views that undermine or deny the authority of Scripture -- pt. 3. Evangelical feminist views based on untruthful or unsubstantiated claims -- pt. 4. Where is evangelical feminism taking us? 0aBible and feminism. 0aEvangelicalism.413Table of contents onlyuhttp://www.loc.gov/catdir/toc/ecip0610/2006008159.html423Publisher descriptionuhttp://www.loc.gov/catdir/enhancements/fy0912/2006008159-d.html